| 000 | 00453nam a22001817a 4500 | ||
|---|---|---|---|
| 005 | 20250703111946.0 | ||
| 008 | 250703b |||||||| |||| 00| 0 eng d | ||
| 020 |
_a9780755301188 _qpbk |
||
| 041 | _aeng | ||
| 082 | _a823.92 SCA | ||
| 100 | _aScarrow Simon | ||
| 245 |
_aThe Eagle's Prophecy _c/ Simon Scarrow |
||
| 250 | _a1st ed | ||
| 260 |
_aLondon _bHeadline _c2005 |
||
| 300 |
_a501p. : _c20cm |
||
| 650 | _aEnglish Fiction | ||
| 942 | _cENGLISH | ||
| 999 |
_c574678 _d574678 |
||